1899 1620 1537 1160 1921 1968 1803 1543 1377 1328 1104 1637 1294 1856 1900 1942 1581 1844 1830 1620 1748 1059 1029 1630 1697 1245 1687 1120 1332 1516 1042 1028 1018 1741 1877 1598 1949 1174 1259 1386 1764 1758 1512 1431 1854 1075 1405 1520 1978 1271 1622 1479 1526 1549 1458 1742 1565 1672 1378 1922 1050 1128 1101 1879 1910 1933 1019 1102 1064 1331 1587 1745 1573 1229 1520 1182 1147 1025 1960 1326 1054 1401 1670 1620 1155 1256 1024 1894 1418 1548 1273 1508 1041 1669 1438 1871 1253 1567 1776 BCNSPRNW ULIB Ver.6.0+V

เปลี่ยนเป็นภาษาไทย

Change to English
 แสดงรายละเอียดบรรณานุกรม
  กลับหน้าหลัก

Brief Record : Get Marc (ISO 2709) : E-mail record : QR code < ปิดหน้าต่าง
LEADER : 00000nam 2200000uu 4500
001    13399114590
003     ULIB
008    120418s2550||||th 000 0 tha d
020    ^a9789744348531
090    ^aนว.^bร190พ 2550
100 0  ^aรอมแพง
245 00 ^aพรายเนตรทิพย์/^cรอมแพง
250    ^aพิมพ์ครั้งที่ 1
260    ^aกรุงเทพฯ :^bฟิสิกส์เซ็นเตอร์,^c2550
300    ^a302 หน้า
710 1  ^aฟิสิกส์เซ็นเตอร์
945    ^p195^l0^i14562
995    ^aกัณชพร
999    ^aใช้งานได้ทุกระบบ
รายการนี้ยังไม่มีแท็ก
คุณยังไม่ได้ล็อกอิน คุณสามารถมีกิจกรรมร่วมกับเว็บไซต์ได้ แต่ต้องล็อกอินก่อน ::
  ล็อกอิน

รายการสื่อสารสนเทศ

ลำดับที่ ประเภท เลขเรียก/บาร์โค้ด สถานที่ สถานะ
1. วิทยาศาสตร์การแพทย์ และสุขภาพ
วิทยาศาสตร์การแพทย์ และสุขภาพ
นว. ร190พ 2550  
  Barcode: 14562
ห้องสมุดวิทยาเขตสวรรค์ประชารักษ์
►นวนิยาย
บนชั้น
  ขอยืม

รายการใกล้เคียง
    ผู้แต่ง [รอมแพง]

BibComment


ยังไม่เคยถูกคอมเมนท์

คอมเมนท์ทรัพยากรรายการนี้
  คอมเมนท์: พรายเนตรทิพย์ รอ..


 Copyright 2026. Bcnsprnw @Library